| 000 | 01383nam a22004217a 4500 | ||
|---|---|---|---|
| 001 | 0056789 | ||
| 003 | KOHA_MİRAKIL | ||
| 005 | 20260207004059.0 | ||
| 007 | ta | ||
| 008 | 160405b1968 tu |||gr||||#||||0|tur | | ||
| 040 |
_aTR-BiSEU _btur _cTR-BiSEU _erda |
||
| 041 | 0 | _atur | |
| 044 | _ctu | ||
| 050 |
_aBP182 _b.A23 1968 |
||
| 100 | 1 | _aAbdulkadiroğlu, Abdulkerim. | |
| 245 | 1 |
_aİslam'da ve günümüzde cihad (tasdîk-i asâlet-i memuriyet için kifâyet-i ilmiye risâlesi)/ _cAbdulkerim Abdulkadiroğlu ; Abdulkerim Abdulkadiroğlu. |
|
| 264 | 1 |
_aAnkara : _bSönmez Neşriyat Yayınları _c1968 |
|
| 300 |
_a40 sayfa ; _c19 cm. |
||
| 336 |
_ametin _btxt _2rdacontent |
||
| 337 |
_aaracısız _bn _2rdamedia |
||
| 338 |
_acilt _bnc _2rdacarrier |
||
| 490 | 1 | _aSönmez Neşriyat yayınları. | |
| 490 | 1 | _aUmumî Neş. | |
| 490 | 1 |
_ano ; _v16 . |
|
| 490 | 1 | _aKur'an ve Hadis İlimleri : Hususî Neş. | |
| 490 | 1 |
_ano ; _v6 |
|
| 500 | _aKaynakça var. | ||
| 650 | 0 |
_aCihad, İslamda _9105150 |
|
| 650 | 0 |
_aJihad, Islam in _9105151 |
|
| 650 | 0 |
_aMüslüman şehitleri _9105152 |
|
| 650 | 0 |
_aMuslim martyrs _983695 |
|
| 830 | 1 |
_aSönmez Neşriyat yayınları. _9105153 |
|
| 830 | 1 |
_aUmumî Neş. _9105154 |
|
| 830 | 1 |
_ano ; _v16 . _917295 |
|
| 830 | 1 |
_aKur'an ve Hadis İlimleri : Hususî Neş. _9105155 |
|
| 830 | 1 |
_ano ; _v6 _917295 |
|
| 942 |
_2lcc _cBK |
||
| 999 |
_c56595 _d56595 |
||